| 000 | 01854nam a2200349 i 4500 | ||
|---|---|---|---|
| 003 | DO-SdBNP | ||
| 005 | 20260525120356.0 | ||
| 007 | ta | ||
| 008 | 260522b2025 dr ad||| |||| 00| 0 spa d | ||
| 020 | _a9789945634464 (impreso) | ||
| 022 | _a9789945634471(online) | ||
| 040 |
_aDO-SdBNP _bspa _cBNPHU _erda |
||
| 041 | _aspa | ||
| 082 | 4 |
_axxx _bxxx _222 |
|
| 245 | 0 | 0 |
_aGobernanza de la migración laboral en perspectiva / _cFrancesco Carella, Luciana Gandini, Pablo Ceriani, Pedro Valdez-Castro. |
| 264 | 4 |
_aSanto Domingo : _bInstituto Nacional de Migración, _bOrganización Internacional del Trabajo, _c©2025. |
|
| 300 |
_a145 páginas : _bilustraciones, gráficos ; _c23 cm. |
||
| 336 |
_atexto _btxt _2rdacontent |
||
| 337 |
_asin mediación _bn _2rdamedia |
||
| 338 |
_avolumen _bnc _2rdacarrier |
||
| 500 | _aIncluye bibliografía al final de los capítulos | ||
| 505 |
_aPresentación -- _tLa gobernanza de la migración laboral: tendencias, desafíos y oportunidades / _rFrancesco Carella -- _tProtección social de las personas trabajadoras migrantes / _rLuciana Gandini -- _tMigraciones, políticas públicas y derechos humanos en América Latina y el Caribe. Multiplicidad en prácticas en políticas públicas en tiempos inéditos y complejos / _rPablo Ceriani Cernadas -- _tUn análisis sistemático de la (in)(e)migración. Hacia, desde y dentro de la Republica Dominicana en el siglo xx / _rPedro Valdez-Castro |
||
| 590 | _aInventariado, 2026 /LP | ||
| 700 | 1 |
_aCarella, Francesco, _eautor _4aut. _989718 |
|
| 700 | 1 |
_aGandini, Luciana _989719 |
|
| 700 | 1 |
_aCeriani, Pablo, _eautor _4aut. _989720 |
|
| 700 | 1 |
_aValdez-Castro, Pedro _eautor _4aut. _985218 |
|
| 710 | 1 |
_aInstituto Nacional de Migración de la República Dominicana _987228 |
|
| 710 | 1 |
_aOrganización Internacional del Trabajo _977039 |
|
| 910 | _aLP | ||
| 942 |
_2ddc _cLBS1 |
||
| 999 |
_c60809 _d60809 |
||